[Event "IV Memorial Roberto Magari A"]
[Site "Siena ITA"]
[Date "1999.12.??"]
[Round "?"]
[White "Bianchi, Riccardo"]
[Black "Sabia, Corrado"]
[Result "1/2-1/2"]
[WhiteElo "1753"]
[BlackElo "2198"]
[PlyCount "105"]
[EventDate "1999.12.03"]

1. d4 d5 2. c4 c6 3. Nf3 Nf6 4. Nc3 dxc4 5. e4 b5 6. e5 Nd5 7. a4 Bf5 8. axb5
Nb4 9. Qa4 Nc2+ 10. Ke2 Nxa1 11. bxc6 Qb6 12. c7+ Nd7 13. Qxa1 e6 14. d5 exd5
15. Nxd5 Qc6 16. Qa5 Nb6 17. Nb4 Qe4+ 18. Be3 Bxb4 19. Qb5+ Bd7 20. Qxb4 Qd3+
21. Ke1 Qb1+ 22. Kd2 c3+ 23. bxc3 Qxb4 24. cxb4 O-O 25. Bc5 Rfe8 26. Ba6 Re6
27. Rc1 Bc8 28. Bxc8 Nxc8 29. b5 f6 30. exf6 Rxf6 31. Ne5 Nd6 32. Bxa7 Rxa7 33.
c8=Q+ Nxc8 34. Rxc8+ Rf8 35. Rxf8+ Kxf8 36. Nc6 Rb7 37. Nd4 Ke7 38. Kc3 Kd6 39.
Kb4 Rf7 40. f3 Rf4 41. Kc4 g6 42. b6 Rf7 43. h4 Re7 44. Kd3 Kc5 45. Nb3+ Kxb6
46. Nd2 Re1 47. Ne4 Kc6 48. g4 Rh1 49. h5 gxh5 50. gxh5 Rxh5 51. Ke3 Ra5 52.
Kf4 h5 53. Kg3 1/2-1/2

[Event "IV Memorial Roberto Magari A"]
[Site "Siena ITA"]
[Date "1999.12.??"]
[Round "?"]
[White "Brancaccio, Alfonso"]
[Black "Lotti, Fabio"]
[Result "1-0"]
[WhiteElo "1831"]
[BlackElo "1843"]
[PlyCount "75"]
[EventDate "1999.12.03"]

1. e4 c5 2. Nc3 Nc6 3. g3 g6 4. Bg2 Bg7 5. Nge2 e6 6. d3 Nge7 7. Be3 Nd4 8. Qd2
h5 9. f4 d6 10. O-O f5 11. Bf2 Nec6 12. Rae1 Bd7 13. exf5 gxf5 14. Nxd4 Nxd4
15. Nd1 Qc7 16. c3 Nc6 17. Bd5 Rh6 18. d4 cxd4 19. cxd4 O-O-O 20. Bxc6 Bxc6 21.
Ne3 Kb8 22. d5 Bb5 23. Rc1 Qd7 24. dxe6 Qxe6 25. Qa5 Rdh8 26. Nd5 Ba6 27. Qc7+
Ka8 28. Qxg7 Qxd5 29. Qxh6 Rb8 30. Rfd1 Qf3 31. Qxd6 b6 32. Qd5+ Bb7 33. Qxf3
Bxf3 34. Rd3 Be4 35. Rdc3 Kb7 36. Re1 Bc6 37. Re7+ Ka6 38. Rxc6 1-0

[Event "IV Memorial Roberto Magari A"]
[Site "Siena ITA"]
[Date "1999.12.??"]
[Round "?"]
[White "Coratella, Giuseppe"]
[Black "Masullo, Andrea"]
[Result "1/2-1/2"]
[WhiteElo "2098"]
[BlackElo "1642"]
[PlyCount "50"]
[EventDate "1999.12.03"]

1. e4 e5 2. Nf3 Nc6 3. d4 exd4 4. Nxd4 Bc5 5. Nb3 Bb6 6. Nc3 d6 7. Be2 Nge7 8.
Bg5 Be6 9. Qd2 Qd7 10. f4 Bg4 11. O-O-O f6 12. Bh4 O-O-O 13. f5 Bxe2 14. Qxe2
Ne5 15. g4 h6 16. Nd4 Bxd4 17. Rxd4 Qc6 18. Rhd1 a6 19. Bf2 Rd7 20. h4 Kb8 21.
Bg3 Rhd8 22. g5 hxg5 23. hxg5 fxg5 24. Nd5 Nf7 25. Rc4 Qb5 1/2-1/2

[Event "IV Memorial Roberto Magari A"]
[Site "Siena ITA"]
[Date "1999.12.??"]
[Round "?"]
[White "Coratella, Giuseppe"]
[Black "Mrdja, Milan"]
[Result "0-1"]
[WhiteElo "2098"]
[BlackElo "2425"]
[PlyCount "114"]
[EventDate "1999.12.03"]

1. e4 Nf6 2. e5 Nd5 3. d4 d6 4. c4 Nb6 5. exd6 cxd6 6. Nc3 g6 7. Be3 Bg7 8. Rc1
O-O 9. b3 Nc6 10. Be2 Bf5 11. d5 Nb4 12. a3 Na6 13. Nf3 Nc5 14. Bd4 Bh6 15. Be3
Bxe3 16. fxe3 Ne4 17. Qd4 Nxc3 18. Rxc3 e5 19. dxe6 fxe6 20. e4 e5 21. Qe3 Bg4
22. O-O Nd7 23. b4 Qe7 24. Rd1 Nf6 25. Rcd3 Rad8 26. h3 Be6 27. R3d2 b6 28. c5
dxc5 29. Rxd8 Rxd8 30. Rxd8+ Qxd8 31. bxc5 Qc7 32. cxb6 axb6 33. Bb5 Kg7 34.
Kh2 h6 35. Bd3 g5 36. Qd2 g4 37. Nh4 Qd7 38. Qc3 Qd6 39. Bc2 Kf7 40. Nf5 Bxf5
41. exf5 gxh3 42. Kxh3 Ke7 43. Qg3 Kd8 44. Qd3 Qxd3+ 45. Bxd3 Ke7 46. Kh4 e4
47. Bc4 Kd6 48. g4 Ke5 49. g5 hxg5+ 50. Kxg5 e3 51. Kg6 Ne4 52. Ba6 Nf6 53. Bb5
Nd5 54. Kg5 Nf6 55. Kg6 Ne4 56. Bd3 Nf2 57. Be2 Nh3 0-1

[Event "IV Memorial Roberto Magari A"]
[Site "Siena ITA"]
[Date "1999.12.??"]
[Round "?"]
[White "Coratella, Giuseppe"]
[Black "Puglisi, Vincenzo"]
[Result "1-0"]
[WhiteElo "2098"]
[BlackElo "1873"]
[PlyCount "61"]
[EventDate "1999.12.03"]

1. e4 Nf6 2. e5 Nd5 3. d4 d6 4. c4 Nb6 5. exd6 cxd6 6. Nc3 g6 7. Be3 Bg7 8. Rc1
O-O 9. b3 Nc6 10. Be2 f5 11. d5 Ne5 12. f4 Ng4 13. Bd4 e5 14. dxe6 Bxe6 15. Nf3
d5 16. c5 Nd7 17. Bxg7 Kxg7 18. O-O Ndf6 19. Qd4 Re8 20. h3 Nh6 21. Ng5 Bg8 22.
Bf3 Re4 23. Ngxe4 fxe4 24. Bg4 Nhxg4 25. hxg4 Kf8 26. g5 Ng4 27. f5 Qxg5 28.
fxg6+ Ke8 29. gxh7 Bxh7 30. Nxd5 Rd8 31. Nc7+ 1-0

[Event "IV Memorial Roberto Magari A"]
[Site "Siena ITA"]
[Date "1999.12.??"]
[Round "?"]
[White "Djuric, Stefan"]
[Black "Bettalli, Marco"]
[Result "1-0"]
[WhiteElo "2504"]
[BlackElo "2089"]
[PlyCount "84"]
[EventDate "1999.12.03"]

1. d4 Nf6 2. c4 g6 3. Nc3 Bg7 4. e4 d6 5. Nf3 O-O 6. Be2 Nbd7 7. Qc2 e5 8. d5
a5 9. Nd2 Nc5 10. Nf1 Ne8 11. h4 f5 12. h5 Qf6 13. Be3 f4 14. Bd2 Bd7 15. Nh2
gxh5 16. Bxh5 Qg5 17. Be2 Nf6 18. O-O-O Qg6 19. Bf3 c6 20. g3 cxd5 21. gxf4
dxe4 22. Rdg1 Qf7 23. fxe5 Nd3+ 24. Kb1 Nxe5 25. Bh6 Ng6 26. Bxg7 Kxg7 27. Bg4
Nxg4 28. Nxg4 Bf5 29. Nxe4 Bxe4 30. Qxe4 Qf5 31. Qxf5 Rxf5 32. Rg3 b5 33. Rgh3
Nf8 34. Ne3 Rxf2 35. cxb5 Rb8 36. Rh5 Re8 37. Nf5+ Kf6 38. Nxd6 Ree2 39. Nc4
Ng6 40. b6 Re4 41. b7 Re8 42. Nd6 Rb8 1-0

[Event "IV Memorial Roberto Magari A"]
[Site "Siena ITA"]
[Date "1999.12.??"]
[Round "?"]
[White "Djuric, Stefan"]
[Black "Coratella, Giuseppe"]
[Result "1-0"]
[WhiteElo "2504"]
[BlackElo "2098"]
[PlyCount "51"]
[EventDate "1999.12.03"]

1. e4 e6 2. Qe2 c5 3. Nf3 Nc6 4. g3 d6 5. Bg2 Nf6 6. O-O Qc7 7. c3 Be7 8. d4
cxd4 9. cxd4 d5 10. Bf4 Qb6 11. e5 Ne4 12. Nc3 Nxc3 13. bxc3 Na5 14. Nd2 Bd7
15. Rab1 Qc7 16. c4 dxc4 17. d5 g5 18. d6 Qc8 19. dxe7 gxf4 20. Ne4 Kxe7 21.
Qd2 Qc7 22. Qb4+ Kd8 23. Nd6 Bc6 24. Rfd1 Bd5 25. Bxd5 exd5 26. Rxd5 1-0

[Event "IV Memorial Roberto Magari A"]
[Site "Siena ITA"]
[Date "1999.12.??"]
[Round "?"]
[White "Djuric, Stefan"]
[Black "Lovric, Branko"]
[Result "0-1"]
[WhiteElo "2504"]
[BlackElo "2355"]
[PlyCount "102"]
[EventDate "1999.12.03"]

1. g3 e5 2. c4 h5 3. h4 Nc6 4. Nf3 Nh6 5. d4 exd4 6. Nxd4 Qf6 7. Nb5 Bc5 8.
Nxc7+ Kf8 9. e3 Ng4 10. Qe2 Nce5 11. Nc3 Nd3+ 12. Kd2 Ndxf2 13. N3d5 Qe5 14.
Rg1 Rb8 15. Qf3 a6 16. Qf4 Ne4+ 17. Ke2 Bd6 18. a4 b6 19. Bh3 g6 20. Ra3 f5 21.
Rb3 Nc5 22. Ra3 Ne6 23. Nxe6+ dxe6 24. Qxe5 Nxe5 25. Nf4 Kf7 26. Rc3 Bb7 27.
Bg2 Bxg2 28. Rxg2 Rhc8 29. b3 b5 30. axb5 axb5 31. e4 bxc4 32. bxc4 Rxc4 33.
Rxc4 Nxc4 34. exf5 exf5 35. Kd1 Rb3 36. Kc2 Rf3 37. Ne2 Ne3+ 38. Bxe3 Rxe3 39.
Kd2 Rf3 40. Rg1 Be5 41. Rg2 Ke6 42. Rg1 Kd5 43. Rb1 Bxg3 44. Rb5+ Kc4 45. Rb6
Rd3+ 46. Kc2 Rd6 47. Rxd6 Bxd6 48. Kd2 Be5 49. Ng1 Bf6 50. Nh3 Be5 51. Ng1 Kd5
0-1

[Event "IV Memorial Roberto Magari A"]
[Site "Siena ITA"]
[Date "1999.12.??"]
[Round "?"]
[White "Gorelli Fagiolini, Marco"]
[Black "Brancaccio, Alfonso"]
[Result "1-0"]
[WhiteElo "2206"]
[BlackElo "1831"]
[PlyCount "63"]
[EventDate "1999.12.03"]

1. e4 c5 2. Nf3 d6 3. d4 cxd4 4. Nxd4 Nf6 5. Nc3 e6 6. Be2 Be7 7. O-O Nc6 8.
Be3 a6 9. a4 Nxd4 10. Qxd4 Bd7 11. f4 Bc6 12. Bf3 O-O 13. a5 Rc8 14. Rfd1 Qc7
15. Qd2 Nd7 16. Qf2 f5 17. exf5 Bxf3 18. Qxf3 Rxf5 19. Qe4 Kf7 20. Kh1 d5 21.
Qf3 Bc5 22. Ne2 Ne5 23. Qh3 Nc4 24. Bxc5 Qxc5 25. Nd4 Rf6 26. b3 Nxa5 27. f5
exf5 28. Qxh7 Nc6 29. Nxf5 Rg8 30. Rf1 Ne7 31. Nh6+ Ke8 32. Nxg8 1-0

[Event "IV Memorial Roberto Magari A"]
[Site "Siena ITA"]
[Date "1999.12.??"]
[Round "?"]
[White "Gorelli Fagiolini, Marco"]
[Black "Djuric, Stefan"]
[Result "0-1"]
[WhiteElo "2206"]
[BlackElo "2504"]
[PlyCount "92"]
[EventDate "1999.12.03"]

1. e4 c5 2. Nf3 g6 3. d4 Bg7 4. Nc3 cxd4 5. Nxd4 Nc6 6. Nb3 d6 7. Be2 Nf6 8.
O-O O-O 9. Kh1 b6 10. Bg5 Bb7 11. f4 Rc8 12. Bf3 Nd7 13. Rf2 Qe8 14. Rb1 Nc5
15. Nd5 Na4 16. c3 f6 17. Bh4 e6 18. Nb4 Nxb4 19. cxb4 e5 20. fxe5 dxe5 21. Rd2
Rc7 22. Qe2 Qe6 23. Rbd1 Qc4 24. Rd7 Qxe2 25. Bxe2 Rf7 26. Rd8+ Bf8 27. Bg4 Kg7
28. Be6 Rfe7 29. Bd5 g5 30. Bxb7 Rxb7 31. Bf2 Rec7 32. R8d2 Bxb4 33. Re2 Rd7
34. Rc1 Kg6 35. g4 h5 36. Rc4 a5 37. a3 Rd3 38. gxh5+ Kxh5 39. axb4 Rxb3 40.
bxa5 Nxb2 41. a6 Ra7 42. Rc6 Nd3 43. Bg3 Kg6 44. Rd6 Rxa6 45. Rd2 Nc5 46. Bxe5
Nxe4 0-1

[Event "IV Memorial Roberto Magari A"]
[Site "Siena ITA"]
[Date "1999.12.??"]
[Round "?"]
[White "Lotti, Fabio"]
[Black "Bellincampi, Stefano"]
[Result "1/2-1/2"]
[WhiteElo "1843"]
[BlackElo "2043"]
[PlyCount "97"]
[EventDate "1999.12.03"]

1. d4 Nf6 2. Bg5 c6 3. c3 d5 4. Bxf6 exf6 5. e3 Bf5 6. Bd3 Bxd3 7. Qxd3 Bd6 8.
Ne2 Nd7 9. Nd2 Qe7 10. g3 g6 11. h4 f5 12. h5 O-O-O 13. O-O-O Nf6 14. hxg6 hxg6
15. Nf4 Ng4 16. Qe2 Rde8 17. c4 dxc4 18. Nxc4 Bc7 19. Nd3 Qe6 20. b3 Qd5 21.
Rxh8 Rxh8 22. Nf4 Qb5 23. Qc2 Rh2 24. Rd2 Qb4 25. Nd3 Qe7 26. a4 Qe4 27. a5 Qd5
28. b4 Nf6 29. f4 Rh1+ 30. Kb2 Ne4 31. Rg2 Rh3 32. g4 fxg4 33. Rxg4 Nd6 34.
Nde5 Nxc4+ 35. Nxc4 Qh1 36. f5 Rh2 37. Nd2 Qe1 38. fxg6 fxg6 39. Kc3 Qxe3+ 40.
Qd3 Rh3 41. Qxe3 Rxe3+ 42. Kc4 Re6 43. Nf3 Bd8 44. Ne5 g5 45. Nf7 Rg6 46. d5
cxd5+ 47. Kxd5 Rg7 48. Ke6 Rg6+ 49. Kd5 1/2-1/2

[Event "IV Memorial Roberto Magari A"]
[Site "Siena ITA"]
[Date "1999.12.??"]
[Round "?"]
[White "Lovric, Branko"]
[Black "Bianchi, Riccardo"]
[Result "1-0"]
[WhiteElo "2355"]
[BlackElo "1753"]
[PlyCount "65"]
[EventDate "1999.12.03"]

1. b3 c5 2. Bb2 Nc6 3. f4 d5 4. e3 Nf6 5. Bb5 Bg4 6. Bxc6+ bxc6 7. Nf3 e6 8. h3
Bxf3 9. Qxf3 Be7 10. O-O Qd7 11. d3 h5 12. Nc3 h4 13. Na4 Nh5 14. c4 d4 15. e4
a5 16. Nb6 Qb7 17. Nxa8 Qxa8 18. f5 e5 19. Bc1 Qd8 20. Qg4 Kf8 21. Bd2 Ng3 22.
Rf3 Nh5 23. Rf2 Ng3 24. Qd1 Bg5 25. Bxg5 Qxg5 26. Qd2 Qd8 27. a3 Qb6 28. Rb1 f6
29. b4 Kf7 30. b5 Rb8 31. Qa2 Qc7 32. Rfb2 Rb6 33. bxc6 1-0

[Event "IV Memorial Roberto Magari A"]
[Site "Siena ITA"]
[Date "1999.12.??"]
[Round "?"]
[White "Lovric, Branko"]
[Black "Marzano, Carlo"]
[Result "1-0"]
[WhiteElo "2355"]
[BlackElo "2233"]
[PlyCount "37"]
[EventDate "1999.12.03"]

1. b3 d5 2. e3 Nf6 3. Bb2 Bg4 4. Be2 Bxe2 5. Qxe2 c6 6. f4 e6 7. Nf3 Be7 8. d3
O-O 9. O-O Nfd7 10. e4 Re8 11. Nbd2 a5 12. a3 Qc7 13. Ng5 h6 14. Nxf7 Kxf7 15.
Qh5+ Kf8 16. Bxg7+ Kxg7 17. Rf3 Rg8 18. Rg3+ Bg5 19. fxg5 1-0

[Event "IV Memorial Roberto Magari A"]
[Site "Siena ITA"]
[Date "1999.12.??"]
[Round "?"]
[White "Lovric, Branko"]
[Black "Puglisi, Vincenzo"]
[Result "1-0"]
[WhiteElo "2355"]
[BlackElo "1873"]
[PlyCount "55"]
[EventDate "1999.12.03"]

1. b3 e5 2. Bb2 f6 3. e4 Bc5 4. f4 d6 5. Nf3 Nc6 6. Bb5 Bd7 7. d4 exd4 8. Nxd4
Nxd4 9. Bxd7+ Qxd7 10. Bxd4 Bxd4 11. Qxd4 Ne7 12. c4 O-O 13. O-O Nc6 14. Qd5+
Kh8 15. Nc3 Rad8 16. Rad1 Qg4 17. h3 Qc8 18. Kh2 f5 19. Rde1 fxe4 20. Rxe4 Ne5
21. Rfe1 Ng6 22. g3 Rf6 23. Qd3 Rdf8 24. Nd5 Rf5 25. Qe3 R5f7 26. Re8 Qd7 27.
Qe6 Rxe8 28. Qxd7 1-0

[Event "IV Memorial Roberto Magari A"]
[Site "Siena ITA"]
[Date "1999.12.??"]
[Round "?"]
[White "Marzano, Carlo"]
[Black "Gorelli Fagiolini, Marco"]
[Result "0-1"]
[WhiteElo "2233"]
[BlackElo "2206"]
[PlyCount "76"]
[EventDate "1999.12.03"]

1. d4 Nf6 2. Nf3 g6 3. c4 Bg7 4. Nc3 d5 5. cxd5 Nxd5 6. e4 Nxc3 7. bxc3 O-O 8.
Be3 c5 9. Rc1 Qa5 10. Qd2 b6 11. d5 e6 12. c4 Qxd2+ 13. Bxd2 exd5 14. cxd5 Re8
15. Bd3 Ba6 16. Bxa6 Nxa6 17. O-O Rxe4 18. Rfd1 Rd8 19. Bc3 Bxc3 20. Rxc3 Nb4
21. d6 Re6 22. a3 Rexd6 23. Rxd6 Rxd6 24. Kf1 Rd3 25. Rxd3 Nxd3 26. Ke2 Nf4+
27. Ke3 Nd5+ 28. Kd3 f6 29. Kc4 Nc7 30. h4 Kf7 31. g4 Ke6 32. a4 Kd6 33. g5 f5
34. Nd2 a6 35. Kd3 b5 36. a5 Ne6 37. Nf1 c4+ 38. Kc2 Nd4+ 0-1

[Event "IV Memorial Roberto Magari A"]
[Site "Siena ITA"]
[Date "1999.12.??"]
[Round "?"]
[White "Marzano, Carlo"]
[Black "Mrdja, Milan"]
[Result "1/2-1/2"]
[WhiteElo "2233"]
[BlackElo "2425"]
[PlyCount "24"]
[EventDate "1999.12.03"]

1. d4 Nf6 2. Nf3 g6 3. c4 Bg7 4. Nc3 d5 5. cxd5 Nxd5 6. e4 Nxc3 7. bxc3 O-O 8.
Be3 c5 9. Rc1 Bg4 10. d5 Qa5 11. Qd2 c4 12. Nd4 b5 1/2-1/2

[Event "IV Memorial Roberto Magari A"]
[Site "Siena ITA"]
[Date "1999.12.??"]
[Round "?"]
[White "Marzano, Carlo"]
[Black "Puglisi, Vincenzo"]
[Result "1-0"]
[WhiteElo "2233"]
[BlackElo "1873"]
[PlyCount "115"]
[EventDate "1999.12.03"]

1. d4 Nf6 2. Nf3 g6 3. c4 Bg7 4. Nc3 O-O 5. e4 d6 6. Be2 e5 7. d5 a5 8. Bg5 h6
9. Bh4 Na6 10. Nd2 Qe8 11. a3 Bd7 12. b3 Nc5 13. O-O Nh7 14. b4 axb4 15. axb4
Na4 16. Nxa4 Rxa4 17. Rxa4 Bxa4 18. Qa1 Bd7 19. Qa7 f5 20. f3 Qc8 21. c5 dxc5
22. bxc5 Qa8 23. Ra1 Qxa7 24. Rxa7 Bc8 25. c6 bxc6 26. dxc6 g5 27. Bc4+ Kh8 28.
Bf2 Rd8 29. Rxc7 fxe4 30. fxe4 Nf6 31. h3 Ne8 32. Re7 Bf6 33. c7 Bxe7 34.
cxd8=Q Bxd8 35. Bg3 Bf6 36. Bd5 Nc7 37. Bc4 Be6 38. Kf2 Kg7 39. Bd3 g4 40. hxg4
Bxg4 41. Nc4 Ne6 42. Nxe5 Bd1 43. Nf3 Nc5 44. Bb1 Na4 45. Ke3 Bb3 46. Nd4 Bd1
47. Nf5+ Kf8 48. Nxh6 Nb6 49. Ba2 Nd7 50. Bd6+ Kg7 51. Nf5+ Kg6 52. Bb1 Kg5 53.
Bf4+ Kg6 54. Nd6 Kg7 55. Ne8+ Kf7 56. Nxf6 Nxf6 57. Ba2+ Ke7 58. Bg5 1-0

[Event "IV Memorial Roberto Magari A"]
[Site "Siena ITA"]
[Date "1999.12.??"]
[Round "?"]
[White "Masullo, Andrea"]
[Black "Brancaccio, Alfonso"]
[Result "1-0"]
[WhiteElo "1642"]
[BlackElo "1831"]
[PlyCount "93"]
[EventDate "1999.12.03"]

1. e4 c5 2. c3 d5 3. exd5 Qxd5 4. d4 Nf6 5. Nf3 Bg4 6. Be2 e6 7. O-O Nc6 8. Be3
cxd4 9. cxd4 Bd6 10. h3 Bh5 11. Nc3 Qa5 12. a3 O-O 13. b4 Qd8 14. Qb3 Rc8 15.
Rfd1 Bb8 16. d5 exd5 17. Nxd5 Bxf3 18. Bxf3 Ne5 19. Bg5 Ned7 20. Nxf6+ gxf6 21.
Bh6 Re8 22. Bh5 Qe7 23. Bxf7+ Qxf7 24. Qxf7+ Kxf7 25. Rxd7+ Re7 26. Rad1 Rc3
27. Rxe7+ Kxe7 28. Ra1 Be5 29. Ra2 Rb3 30. Kf1 Bb2 31. Be3 a6 32. Bc5+ Ke6 33.
a4 Kd5 34. Be7 Kc4 35. Ke2 f5 36. f3 Bd4 37. Rc2+ Rc3 38. Rxc3+ Kxc3 39. g4 f4
40. Bd6 Be3 41. h4 b6 42. a5 bxa5 43. bxa5 h5 44. gxh5 Kd4 45. h6 Kd5 46. h7
Bd4 47. Bxf4 1-0

[Event "IV Memorial Roberto Magari A"]
[Site "Siena ITA"]
[Date "1999.12.??"]
[Round "?"]
[White "Masullo, Andrea"]
[Black "Lotti, Fabio"]
[Result "0-1"]
[WhiteElo "1642"]
[BlackElo "1843"]
[PlyCount "62"]
[EventDate "1999.12.03"]

1. e4 c6 2. d4 d5 3. e5 Bf5 4. Nf3 e6 5. Bd3 Bxd3 6. Qxd3 Qb6 7. O-O Nd7 8.
Nbd2 Ne7 9. c4 Nf5 10. c5 Qc7 11. b4 b6 12. Re1 bxc5 13. bxc5 a5 14. a4 Be7 15.
Nb3 g6 16. Bd2 O-O 17. Qc3 Bd8 18. Rab1 Qa7 19. Rb2 Bc7 20. Ng5 h6 21. Nf3 h5
22. h3 h4 23. Reb1 Rfb8 24. Nh2 Rb4 25. Ra1 Rab8 26. Nf3 Qa6 27. Raa2 Qc4 28.
Nc1 Nxd4 29. Qxc4 Rxc4 30. Nxd4 Rxd4 31. Be3 Rd1+ 0-1

[Event "IV Memorial Roberto Magari A"]
[Site "Siena ITA"]
[Date "1999.12.??"]
[Round "?"]
[White "Masullo, Andrea"]
[Black "Sabia, Corrado"]
[Result "1/2-1/2"]
[WhiteElo "1642"]
[BlackElo "2198"]
[PlyCount "53"]
[EventDate "1999.12.03"]

1. e4 c5 2. c3 d5 3. exd5 Qxd5 4. d4 Nf6 5. Nf3 e6 6. Be3 cxd4 7. Qxd4 Nc6 8.
Qxd5 Nxd5 9. Bg5 Be7 10. Bxe7 Kxe7 11. Nbd2 b6 12. g3 Bb7 13. Bg2 Rhd8 14. Rd1
Nf6 15. O-O Rd7 16. Nb3 Rad8 17. Rxd7+ Rxd7 18. Nfd4 Nxd4 19. Nxd4 Bxg2 20.
Kxg2 Rd5 21. Re1 a5 22. Re2 Kd6 23. f3 Kc5 24. Kf2 Rd7 25. Rd2 a4 26. Ke2 Nd5
27. Nc2 1/2-1/2

[Event "IV Memorial Roberto Magari A"]
[Site "Siena ITA"]
[Date "1999.12.??"]
[Round "?"]
[White "Mrdja, Milan"]
[Black "Lovric, Branko"]
[Result "1-0"]
[WhiteElo "2425"]
[BlackElo "2355"]
[PlyCount "75"]
[EventDate "1999.12.03"]

1. e4 b6 2. d4 Bb7 3. Bd3 Nf6 4. Qe2 Nc6 5. c3 e5 6. d5 Ne7 7. c4 Ng6 8. a3 c6
9. Nc3 Bc5 10. g3 O-O 11. h4 Re8 12. h5 Nf8 13. g4 h6 14. g5 hxg5 15. Bxg5 Be7
16. Bd2 N6h7 17. O-O-O Bg5 18. Nh3 Bxd2+ 19. Qxd2 Qf6 20. Kb1 Qh6 21. f4 exf4
22. Nxf4 Re5 23. Qh2 Rae8 24. Rdg1 Rg5 25. Rxg5 Nxg5 26. Nfe2 Nf3 27. Qc7 Ba6
28. Qxa7 Bxc4 29. Bxc4 Nd2+ 30. Ka2 Nxc4 31. Qa6 b5 32. Rd1 Ne5 33. Nd4 Qxh5
34. dxc6 dxc6 35. Nxc6 Re6 36. Rd6 Qh3 37. Nd4 Rxd6 38. Qxd6 1-0

[Event "IV Memorial Roberto Magari A"]
[Site "Siena ITA"]
[Date "1999.12.??"]
[Round "?"]
[White "Puglisi, Vincenzo"]
[Black "Bellincampi, Stefano"]
[Result "1-0"]
[WhiteElo "1873"]
[BlackElo "2043"]
[PlyCount "51"]
[EventDate "1999.12.03"]

1. e4 e6 2. d4 d5 3. e5 c5 4. Qg4 Nc6 5. Nf3 f5 6. Qg3 cxd4 7. a3 Nge7 8. Bd3
Ng6 9. O-O Be7 10. Re1 O-O 11. b4 Bd7 12. Nbd2 Nh4 13. Nxh4 Bxh4 14. Qh3 Be7
15. f4 Rc8 16. Nf3 a6 17. Kh1 Kh8 18. g4 g6 19. gxf5 gxf5 20. Bb2 Qe8 21. Rg1
Qf7 22. Nxd4 Nxd4 23. Bxd4 Rg8 24. Bxf5 Rxg1+ 25. Rxg1 Rc4 26. Bg6 1-0

[Event "IV Memorial Roberto Magari A"]
[Site "Siena ITA"]
[Date "1999.12.??"]
[Round "?"]
[White "Puglisi, Vincenzo"]
[Black "Bettalli, Marco"]
[Result "1-0"]
[WhiteElo "1873"]
[BlackElo "2089"]
[PlyCount "93"]
[EventDate "1999.12.03"]

1. e4 e6 2. d4 d5 3. e5 b6 4. Nf3 Ba6 5. Bxa6 Nxa6 6. O-O c5 7. c4 Nc7 8. Nc3
Qd7 9. cxd5 Nxd5 10. Nxd5 exd5 11. e6 fxe6 12. Ne5 Qb7 13. Bg5 Ne7 14. dxc5 Nc6
15. Nxc6 Qxc6 16. cxb6 axb6 17. Rc1 Qd7 18. Re1 Bc5 19. Qh5+ g6 20. Qh6 Rxa2
21. Ra1 Rxa1 22. Rxa1 Qb7 23. Qh3 Kd7 24. Re1 Qc6 25. Bf6 Rf8 26. Qxh7+ Kc8 27.
Bh4 Qe8 28. Qa7 Qc6 29. Bg3 b5 30. Qg7 Qd7 31. Qc3 Qc6 32. Rc1 Bxf2+ 33. Bxf2
Qxc3 34. Rxc3+ Kd7 35. Bg3 Ke7 36. Rc7+ Kf6 37. Rb7 Kf5 38. Rxb5 Ke4 39. Rb6 e5
40. Re6 Rf5 41. Rxe5+ Rxe5 42. Bxe5 Kxe5 43. Kf2 Ke4 44. Ke2 g5 45. h3 d4 46.
b4 d3+ 47. Kd2 1-0

[Event "IV Memorial Roberto Magari A"]
[Site "Siena ITA"]
[Date "1999.12.??"]
[Round "?"]
[White "Puglisi, Vincenzo"]
[Black "Masullo, Andrea"]
[Result "1/2-1/2"]
[WhiteElo "1873"]
[BlackElo "1642"]
[PlyCount "54"]
[EventDate "1999.12.03"]

1. e4 e5 2. Nf3 Nc6 3. Bb5 a6 4. Bxc6 dxc6 5. O-O f6 6. d4 Bg4 7. dxe5 Qxd1 8.
Rxd1 fxe5 9. Rd3 Bd6 10. Bg5 Ne7 11. Nbd2 h6 12. Bh4 g5 13. Bg3 Ng6 14. Nc4
Bxf3 15. gxf3 O-O-O 16. Rad1 Nf4 17. Bxf4 gxf4 18. Nxd6+ cxd6 19. Rxd6 Kc7 20.
Rxd8 Rxd8 21. Rxd8 Kxd8 22. Kg2 Ke7 23. Kh3 Kf6 24. Kg4 Kg6 25. c4 c5 26. b3 b6
27. a3 a5 1/2-1/2

[Event "IV Memorial Roberto Magari A"]
[Site "Siena ITA"]
[Date "1999.12.??"]
[Round "?"]
[White "Sabia, Corrado"]
[Black "Gorelli Fagiolini, Marco"]
[Result "0-1"]
[WhiteElo "2198"]
[BlackElo "2206"]
[PlyCount "60"]
[EventDate "1999.12.03"]

1. e4 e6 2. d4 d5 3. Nc3 Nf6 4. e5 Nfd7 5. Nf3 c5 6. Bb5 Nc6 7. Bxc6 bxc6 8.
O-O Be7 9. Re1 O-O 10. dxc5 Bxc5 11. Na4 Be7 12. Nd4 Qc7 13. f4 c5 14. Nf3 f6
15. exf6 Nxf6 16. Ng5 Qc6 17. c4 d4 18. f5 Bb7 19. Qc2 d3 20. Qf2 Qxa4 21. Nxe6
Qxc4 22. Nxf8 Bxf8 23. b3 Qd5 24. Bb2 d2 25. Red1 Rd8 26. Qg3 Bd6 27. Qf3 Qxf3
28. gxf3 Bf4 29. Bxf6 gxf6 30. Kg2 Ba6 0-1

[Event "IV Memorial Roberto Magari A"]
[Site "Siena ITA"]
[Date "1999.12.??"]
[Round "?"]
[White "Sabia, Corrado"]
[Black "Lotti, Fabio"]
[Result "1-0"]
[WhiteElo "2198"]
[BlackElo "1843"]
[PlyCount "67"]
[EventDate "1999.12.03"]

1. e4 c5 2. Ne2 d6 3. Nbc3 g6 4. g3 Bg7 5. Bg2 Nf6 6. O-O O-O 7. d3 Nc6 8. h3
Rb8 9. f4 e6 10. g4 Ne8 11. f5 exf5 12. gxf5 gxf5 13. Ng3 fxe4 14. Bxe4 Qh4 15.
Nf5 Qxh3 16. Rf3 Qh5 17. Qf1 Bxf5 18. Rxf5 Bd4+ 19. Kg2 Qg4+ 20. Kh1 Qh4+ 21.
Kg2 Kh8 22. Rg5 f6 23. Rg3 Be5 24. Rh3 Qg4+ 25. Kh1 f5 26. Bf3 Qg7 27. Bh6 Qf7
28. Bd5 Qe7 29. Bxf8 Qxf8 30. Rxh7+ Kxh7 31. Qh3+ Qh6 32. Bg8+ Kg7 33. Rg1+ Qg6
34. Qh7+ 1-0

[Event "IV Torneo Internazionale"]
[Site "Montecatini Terme ITA"]
[Date "1999.11.??"]
[Round "1"]
[White "Beggi, Pierluigi"]
[Black "De Bortoli, Peter"]
[Result "0-1"]
[WhiteElo "2170"]
[BlackElo "2225"]
[PlyCount "118"]
[EventDate "1999.11.06"]

1. d4 Nf6 2. Nf3 d6 3. g3 Bf5 4. Bg2 c6 5. O-O h6 6. c4 Nbd7 7. Nc3 g5 8. Re1
Ne4 9. Qd3 Ndf6 10. Nxg5 Nxg3 11. Qxg3 hxg5 12. e4 Bd7 13. e5 dxe5 14. Qxe5 Rh6
15. Ne4 Nxe4 16. Bxe4 f6 17. Qg3 Qb6 18. Be3 O-O-O 19. d5 c5 20. b4 Qxb4 21.
Rab1 Qa5 22. d6 exd6 23. Bxb7+ Kc7 24. Bd5 Rb8 25. Bxc5 Rh4 26. Bg2 Rxb1 27.
Rxb1 Qxc5 28. Qb3 Kd8 29. Qf3 Qe5 30. Qa8+ Ke7 31. Kf1 Qf5 32. Qb7 Rxh2 33.
Re1+ Kf7 34. Qxa7 Rxg2 35. Kxg2 Qh3+ 36. Kg1 Qg4+ 37. Kh1 Kg6 38. Qb7 Qh5+ 39.
Kg1 Bg4 40. Qe4+ Kh6 41. Qe8 Qxe8 42. Rxe8 Kg7 43. a4 Kf7 44. Re3 Be6 45. Rc3
Ke7 46. a5 Bc8 47. Kg2 f5 48. Re3+ Kd8 49. Rb3 Bg7 50. Rb6 Be5 51. Rb1 Kc7 52.
Rb6 g4 53. Kg1 f4 54. Rb5 Ba6 55. Rb4 Bd4 56. Kg2 Bc5 57. Ra4 Bb7+ 58. Kf1 Bc6
59. Ra2 g3 0-1

[Event "IV Torneo Internazionale"]
[Site "Montecatini Terme ITA"]
[Date "1999.11.??"]
[Round "1"]
[White "Drei, Andrea"]
[Black "Vezzosi, Paolo"]
[Result "1/2-1/2"]
[WhiteElo "2349"]
[BlackElo "2329"]
[PlyCount "101"]
[EventDate "1999.11.06"]

1. e4 c5 2. Nf3 g6 3. c4 Bg7 4. d4 cxd4 5. Nxd4 Nc6 6. Be3 d6 7. Nc3 Nf6 8. Be2
Bd7 9. O-O O-O 10. Qd2 Nxd4 11. Bxd4 Bc6 12. f3 a5 13. Rac1 a4 14. Nd5 Bxd5 15.
cxd5 Nd7 16. Bxg7 Kxg7 17. Qd4+ Kg8 18. Rc4 Nc5 19. Rfc1 Qd7 20. Rb4 Rfc8 21.
Bb5 Qd8 22. Rc3 a3 23. bxa3 e5 24. dxe6 Nxe6 25. Rxc8 Rxc8 26. Qd2 Qb6+ 27. Kh1
Rc5 28. Bf1 Qc6 29. Rb1 Rc2 30. Qb4 Rxa2 31. Qb3 Rc2 32. Qxb7 Qc5 33. Qb4 Ra2
34. Bc4 Rxa3 35. Qxc5 Nxc5 36. h3 Kf8 37. Rb6 Ke7 38. Rb8 h5 39. Bd5 h4 40. Rh8
g5 41. Rg8 Kf6 42. Rf8 Ra7 43. g3 hxg3 44. Kg2 Nd3 45. Kxg3 Nf4 46. Rd8 Ke7 47.
Ra8 Rc7 48. Ra5 Kf6 49. h4 Ne6 50. hxg5+ Nxg5 51. f4 1/2-1/2